000 00890cam a22003617 4500
001 6184
003 DO-SdBNP
005 20220304104819.0
007
008 090401s2006 sp | 000 1 spa
015 _a
017 _a
_b
020 _a9780316160193
035 _a
040 _aBPMSU
_bspa
_cBPMSU
_e
041 1 _aspa
_h
080 _a
082 _a813.5
_bM612n 2006
_222
100 1 _aMeyer, Stephenie
_d1973-
245 1 0 _anew moon /
_h
_cStephenie Meyer
250 _a
260 _aNew York :
_b Little Brown and Company,
_c2006
300 _a563 p. ;
_c21 cm.
490 0 _aSaga Crepúsculo
650 4 _aNovela estadounidense
650 4 _aVampiros
_vNovela
650 4 _aRelaciones interpersonales
_vNovela
650 4 _aMonstruos
_vNovelas
700 _a
_e
830 _aSaga Crepúsculo
910 _aVMateo V.
942 _2ddc
_cBK
999 _c10400
_d10400